000 00393nam a22001697a 4500
003 UA-OsUOA
001 2320
007 ta
008 20050721b un ||||| |||| 00| 0 ukr d
100 _aIrish
700 _aRichard K.
942 _cBK
040 _aUA-OsUOA
_cUA-OsUOA
_dUA-OsUOA
245 _aIf things don't improve soon i may ask you to fire
_bEconomics
955 _a2
650 7 _2UDC
999 _c288482
_d288482